<?xml version="1.0" encoding="UTF-8"?>
<record
    xmlns:xsi="http://www.w3.org/2001/XMLSchema-instance"
    xsi:schemaLocation="http://www.loc.gov/MARC21/slim http://www.loc.gov/standards/marcxml/schema/MARC21slim.xsd"
    xmlns="http://www.loc.gov/MARC21/slim">

  <leader>00573nac a22001451u 4500</leader>
  <controlfield tag="008">080827s1945Ua|||||r|||| 000 0 ara d</controlfield>
  <datafield tag="082" ind1=" " ind2=" ">
    <subfield code="a">243</subfield>
    <subfield code="b">&#x637; &#x648; &#x64A;</subfield>
  </datafield>
  <datafield tag="110" ind1=" " ind2=" ">
    <subfield code="a">Al Gameya Al Falsafeya Al Masreya</subfield>
    <subfield code="9">17192</subfield>
  </datafield>
  <datafield tag="245" ind1=" " ind2=" ">
    <subfield code="a">&#x627;&#x644;&#x62A;&#x646;&#x628;&#x624; &#x628;&#x627;&#x644;&#x63A;&#x64A;&#x628; :</subfield>
    <subfield code="b">&#x639;&#x646;&#x62F; &#x645;&#x641;&#x643;&#x631;&#x649; &#x627;&#x644;&#x625;&#x633;&#x644;&#x627;&#x645;/</subfield>
    <subfield code="c"> &#x62A;&#x648;&#x641;&#x64A;&#x642; &#x627;&#x644;&#x637;&#x648;&#x64A;&#x644;</subfield>
  </datafield>
  <datafield tag="260" ind1=" " ind2=" ">
    <subfield code="a">[&#x627;&#x644;&#x642;&#x627;&#x647;&#x631;&#x629;]:</subfield>
    <subfield code="b">&#x62F;&#x627;&#x631; &#x627;&#x62D;&#x64A;&#x627;&#x621; &#x627;&#x644;&#x643;&#x62A;&#x628; &#x627;&#x644;&#x639;&#x631;&#x628;&#x64A;&#x629;&#x60C;1945</subfield>
    <subfield code="c">1945.</subfield>
  </datafield>
  <datafield tag="300" ind1=" " ind2=" ">
    <subfield code="a">174 &#x635;&#x61B;</subfield>
    <subfield code="c">24 &#x633;&#x645;</subfield>
  </datafield>
  <datafield tag="490" ind1=" " ind2=" ">
    <subfield code="9">17193</subfield>
    <subfield code="a">&#x627;&#x644;&#x62C;&#x645;&#x639;&#x64A;&#x629; &#x627;&#x644;&#x641;&#x644;&#x633;&#x641;&#x64A;&#x629; &#x627;&#x644;&#x645;&#x635;&#x631;&#x64A;&#x629;</subfield>
  </datafield>
  <datafield tag="541" ind1=" " ind2=" ">
    <subfield code="a">&#x627;&#x644;&#x641; &#x628;&#x627;&#x621;</subfield>
    <subfield code="c">&#x634;&#x631;&#x627;&#x621;</subfield>
  </datafield>
  <datafield tag="942" ind1=" " ind2=" ">
    <subfield code="c">BB</subfield>
    <subfield code="k">243 &#x637; &#x648; &#x64A;</subfield>
    <subfield code="2">ddc</subfield>
  </datafield>
  <datafield tag="999" ind1=" " ind2=" ">
    <subfield code="c">6727</subfield>
    <subfield code="d">6727</subfield>
  </datafield>
  <datafield tag="952" ind1=" " ind2=" ">
    <subfield code="0">0</subfield>
    <subfield code="1">0</subfield>
    <subfield code="2">ddc</subfield>
    <subfield code="4">0</subfield>
    <subfield code="7">0</subfield>
    <subfield code="8">Alef-Baa</subfield>
    <subfield code="a">MAIN</subfield>
    <subfield code="b">MAIN</subfield>
    <subfield code="c">LOW</subfield>
    <subfield code="d">2010-08-08</subfield>
    <subfield code="e">purchase</subfield>
    <subfield code="o">243 &#x637; &#x648; &#x64A;</subfield>
    <subfield code="p">000008380</subfield>
    <subfield code="r">2025-07-15 00:00:00</subfield>
    <subfield code="y">BB</subfield>
  </datafield>
</record>
